000 01951nam a22004577a 4500
003 CHAP
005 20220920165800.0
008 971010s1987 mx r 00010 spa d
010 _a66138
011 _a67110
020 _a9688840335
035 _a76392
040 _cCHAP
082 0 4 _a025.33
_bS3
100 0 0 _aSandoval Guerrero, Margarita.
_9102132
245 1 0 _aLista de encabezamientos de materia para bibliotecas agropecuarias
_b: versión preliminar
_c/por Margarita Sandoval G.
260 _aChapingo, Méx. :
_bUACH. Biblioteca Central,
_c1987
300 _a127 p.
490 _aSerie Investigación bibliográfica
_v; 3
590 _aBATCH-UPD
_b10
_c20130110
590 _aBATCH-UPD
_b10
_c20130410
590 _aBATCH-UPD
_b10
_c20130914
590 _aCONVERSION
_b10
_c20130109
650 4 _aEncabezamientos de materia
_xAgricultura.
_936719
710 0 _aAsociación Nacional de Bibliotecarios Agropecuarios, A. C. México.
_98078
830 0 _aSerie Investigación bibliográfica
_v; 3
_9104933
901 _aBK
942 _cLIBRO
_2ddc
949 _a025.33 S3
_bBC
_cB
_d33724000479952
_eB
_fc.3
_h70186
_i76392
_si
949 _a025.33 S3
_bBC
_cB
_d33724000479960
_eB
_fc.2
_h70185
_i76392
_si
949 _a025.33 S3
_bBC
_cB
_d33724000479978
_eB
_h70184
_i76392
_si
949 _a025.33 S3
_bBC
_cB
_d33724000479986
_eB
_fc.4
_h70187
_i76392
_si
949 _a025.33 S3
_bBC
_cB
_d33724002212439
_eB
_fc.10
_h114103
_i76392
_sb
949 _a025.33 S3
_bBC
_cB
_d33724002212470
_eB
_fc.11
_h114104
_i76392
_sb
949 _a025.33 S3
_bBC
_cB
_d33724002212512
_eB
_fc.12
_h114105
_i76392
_sb
949 _a025.33 S3
_bBC
_cB
_d33724002212553
_eB
_fc.9
_h114102
_i76392
_sb
949 _a025.33 S3
_bBC
_cB
_d33724002212595
_eB
_fc.8
_h114101
_i76392
_sb
949 _a025.33 S3
_bBC
_cB
_d33724002212637
_eB
_fc.7
_h114100
_i76392
_sb
949 _a025.33 S3
_bBC
_cB
_d33724002212678
_eB
_fc.6
_h114099
_i76392
_sb
949 _a025.33 S3
_bBC
_cB
_d33724002212710
_eB
_fc.5
_h114098
_i76392
_sb
999 _c66138
_d66138